Sports Quiz

Random Sports or Soccer Quiz

30 Chelsea players with most UCL appearances Quiz Stats

 Plays Quiz not verified by Sporcle

Support Sporcle.
Go Orange.
Score 0/30 Timer 10:00
0 Plays Today
Appearances Player % Correct
109John Terry
99.6%
102Frank Lampard
99.2%
74Didier Drogba
97.1%
94Petr Cech
96.8%
61Ashley Cole
93.6%
50Joe Cole
93.3%
38Eden Hazard
84.7%
45*Cesar Azpilicueta
78.8%
47Ricardo Carvalho
77.7%
38Gary Cahill
75.4%
49Michael Essien
75%
29Fernando Torres
74.6%
58Branislav Ivanovic
70.6%
47Florent Malouda
68.7%
49Salomon Kalou
67.9%
Appearances Player % Correct
30Oscar
67.7%
41Willian
66.9%
59John Obi Mikel
65.9%
33Michael Ballack
65.8%
29David Luiz
65.3%
49Claude Makelele
63.8%
37Nicolas Anelka
63.2%
45Ramires
63.1%
26Damien Duff
60.2%
34Paulo Ferreira
54.8%
25Eidur Gudjohnsen
49.2%
25Jose Bosingwa
45.3%
24Alex
44.8%
30William Gallas
39.8%
26Wayne Bridge
39.3%

You're not logged in!

Compare scores with friends on all Sporcle quizzes.
OR
Log In

From the Vault

MLB All-Star Shortstops (NL)

by ian2813

The best thing about being a shortstop in the NL is that you're not automatically the worst hitter on the team.
Remove Ads.
Support Sporcle.
Get the best of Sporcle when you Go Orange. This ad-free experience offers more features, more stats, and more fun while also helping to support Sporcle. Thank you for becoming a member.

Show Comments

Extras

Top Quizzes Today


Score Distribution

Your Account Isn't Verified!

In order to create a playlist on Sporcle, you need to verify the email address you used during registration. Go to your Sporcle Settings to finish the process.

Report this User

Report this user for behavior that violates our Community Guidelines.

Details: